000
00269nam a2200109Ia 4500
008
190912s9999||||xx |||||||||||||| ||und||
100
_a
Donald Jenner
245
0
_a
Learn Desktop Graphics and Design on The PC
260
_a
UK
_b
Addison
_c
1995
300
_a
350
942
_c
BK
999
_c
7275
_d
7275